LEADER 01227nam a2200265 u 4500 001 000000005307 003 CaOOAMICUS 005 20070226104740.0 008 941013s1982 it c u000 u ita u 035 $a10139557 040 $aPUL(R)$bita 041 1 $aita$hger 100 1 $aJedin, Hubert,$csac.,$d1900-1980.$0(OLS)http://pul/name/4262 240 10$aKardinal Caesare Baronius.$lItaliano.$0(OLS)http://pul/title/7766 245 13$aIl Cardinale Cesare Baronio :$bl'inizio della storiografia ecclesiastica cattolica nel sedicesimo secolo /$cHubert Jedin. 260 $aBrescia :$bMorcelliana,$c1982. 300 $a87 p., [1] leaf of plates :$bport. ;$c23 cm 504 $aIncludes bibliographical references and index. 600 14$aBaronio, Cesare,$ccard.,$d1538-1607.$0(OLS)http://pul/subject/2588 850 $aPUL 852 $aPUL$W1$xSL Filosofia 1$y2$m114 G 59$j7434$nBK-PRI$b $qStampati$B7434$CPULBib$Z2$F7434 $H $81 941 1 $a8 961 $aINV: 63490 996 $6245$aIl Cardinale Cesare Baronio :$bl'inizio della storiografia ecclesiastica cattolica nel sedicesimo secolo$9(OLS)http://pul/title/7767 996 $6260$aBrescia :$bMorcelliana$9(OLS)http://pul/publisher/47854 LEADER 01240nam a2200265 a 4500 001 000000159097 003 CaOOAMICUS 005 20170223155508.0 008 170223s1956 au m 001 u ger r 032 $aLibriCat 040 $aPUL$bita 100 1 $aRöttges, Ernst H.$0(OLS)http://pul/name/101666 245 14$aDie Stadtrömische Kirche in der Diokletianischen Zeit / $cErnst H. Röttges . 260 $aInnsbruck :$b[s.n.],$c1956. 300 $aviii, 36 p. ;$c23 cm. 502 $aEstratto di Tesi -- Pontificia Universitas Gregoriana. Facultas Histaoriae Ecclesiasticae.1956. 504 $aBibliografia in nota a pič pagina. 600 14$aDiocletianus, Valerius,$cimperatore romano,$d245-313.$0(OLS)http://pul/subject/10429 710 2 $aPontificia Universitā Gregoriana.$bFacoltā di storia ecclesiastica.$kTesi.$0(OLS)http://pul/name/11264 850 $aPUL 852 $aPUL$W1$xDP1 Tesi Pon. Univ. Gregoriana$y40$mTH PUG 1037$j182391$qTesi$B185600$CPULBib$Z2$F185600 $H19677 $82 941 1 $a16 996 $6245$aDie Stadtrömische Kirche in der Diokletianischen Zeit / $9(OLS)http://pul/title/198708 996 $6260$aInnsbruck :$b[s.n.]$9(OLS)http://pul/publisher/75593